|
|
|
|
| LEADER |
01468nam a2200361 a 4500 |
| 001 |
38252 |
| 003 |
BD-DhAAL |
| 005 |
20220327102815.0 |
| 008 |
220327t1998 bg a b i000 0 eng |
| 999 |
|
|
|c 43884
|d 43884
|
| 010 |
|
|
|a 99932523
|
| 020 |
|
|
|z 9848104251
|
| 025 |
|
|
|a B-E-99-932523; 21
|
| 037 |
|
|
|b Library of Congress -- New Delhi Field Office
|c Tk1215.00
|
| 040 |
|
|
|a DLC
|c DLC
|d BD-DhAAL
|
| 042 |
|
|
|a lcode
|
| 043 |
|
|
|a a-bg---
|
| 050 |
0 |
0 |
|a HD2075.6
|b .S53 1998
|
| 082 |
|
|
|a 338.1095492
|
| 100 |
1 |
|
|a Shahabuddin, Quazi.
|9 47424
|
| 245 |
1 |
0 |
|a Agricultural growth and stagnation in Bangladesh /
|c Quazi Shahabuddin and Rushidan Islam Rahman.
|
| 260 |
|
|
|a Dhaka :
|b Centre on Integrated Rural Development for Asia and the Pacific,
|c 1998.
|
| 300 |
|
|
|a xxxxii, 221 pages :
|b illustrations ;
|c 23 cm.
|
| 490 |
|
|
|a MAP focus study series ;
|v no. 6
|
| 504 |
|
|
|a Includes bibliographical references (p. 206-213).
|
| 541 |
|
|
|a Donated By Akbar Ali Khan
|e 38252
|
| 650 |
|
0 |
|a Agriculture
|x Economic aspects
|z Bangladesh.
|9 47426
|
| 650 |
|
0 |
|a Agriculture and state
|z Bangladesh.
|9 47427
|
| 700 |
1 |
|
|a Rahman, Rushidan Islam.
|9 47428
|
| 710 |
2 |
|
|a Center on Integrated Rural Development for Asia and the Pacific.
|9 47429
|
| 852 |
|
|
|a Ayesha Abed Library
|c Akbar Ali Khan Collection
|
| 942 |
|
|
|2 ddc
|c BK
|
| 952 |
|
|
|0 0
|1 0
|2 ddc
|4 0
|6 338_109549200000000_SHA
|7 1
|9 70279
|a BRACUL
|b BRACUL
|c AAKC
|d 2022-03-27
|l 0
|o 338.1095492 SHA
|p 3010038252
|r 2022-03-27
|t 1
|w 2022-03-27
|y BK
|